Choose the Largest Exporter - South America - Statistics

General Stats
  • This quiz has been taken 8 times
  • The average score is 3 of 8
Answers on the Map
Answers color-coded by a green-red scale on the quiz's map according to % correct below.
 
Answer Stats
Answer % Correct
Copper
63%
Soybean Meal
63%
Crustaceans
50%
Electricity
50%
Raw Sugar
50%
Scrap Iron
25%
Zinc Ore
13%
Coal Briquettes
0%
No matching quizzes found
Score Distribution
Percent of People with Each Score
Percentile by Number Answered
Your Score History
You have not taken this quiz